| 000 | 01176nam a22002057a 4500 | ||
|---|---|---|---|
| 999 |
_c63091 _d63091 |
||
| 003 | Ge_BSU | ||
| 005 | 20250602103512.0 | ||
| 008 | 250602s2025 ge ||||| |||| 00| 0 geo d | ||
| 020 | _a9789941874321 | ||
| 041 | _ageo | ||
| 080 | _a17.022.1 პ-35 | ||
| 100 |
_aპიკო დელა მირანდოლა, ჯოვანი _925200 |
||
| 245 |
_aსიტყვა ადამიანის ღირსების შესახებ = Oration on the Dignity of Man / _cჯოვანი პიკო დელა მირანდოლა; მთარგმნელი ზურაბ სონღულაშვილი; რედაქტორი ლექსო დორეული. |
||
| 264 |
_aთბილისი : _bაქტი, _c2025. |
||
| 300 |
_a82 გვ. ; _b 16 სმ. |
||
| 653 | _aადამიანის ღირსება | ||
| 700 |
_aსონღულაშვილი, ზურაბ _eმთარგმნელი _925201 |
||
| 700 |
_aდორეული, ლექსო _eრედაქტორი, წინასიტყვაობის ავტორი _94151 |
||
| 942 |
_2udc _cᲬᲘᲒᲜᲘ |
||